| 000 | 00811nam a2200265 a 4500 | ||
|---|---|---|---|
| 001 | 000013973 | ||
| 005 | 20240530073917.0 | ||
| 008 | 091202s1980 sp 000 f spa d | ||
| 020 | _a8471991284 | ||
| 040 |
_aDO-SdBNP _bspa _cBNPHU |
||
| 082 |
_aRD863.44 _bV498s, 1980 |
||
| 100 | 1 |
_aVerges, Pedro, _d1945- _912149 |
|
| 245 | 1 | 0 |
_aSólo cenizas hallarás : _b(boleros) / _cPedro Verges. |
| 260 |
_aValencia : _bPrometeo, _c1980. |
||
| 300 |
_a414 p. ; _c20 cm. |
||
| 490 | 1 | _aSinople | |
| 490 | 1 |
_aMalva _v8 |
|
| 586 | _aXV Premio Blasco Ibañez | ||
| 590 | _aLa biblioteca posee 1 ejemplar autografiado por el autor | ||
| 650 | 0 |
_aNovela dominicana _9223 |
|
| 650 | 0 |
_aLiteratura dominicana. _967 |
|
| 830 | 0 |
_aSinople _931635 |
|
| 830 | 0 |
_aMalva _v8 _931636 |
|
| 910 | _aValidado. Control de calidad MFF | ||
| 999 |
_c13577 _d13577 |
||